Riconosci il Pokémon - Quiz n°987 - Statistics

Statistiche generali
  • Questo quiz è stato fatto 0 volte
  • Il punteggio medio è 0 su 10
Statistiche sulle risposte
Indizio Risposta % Corretto
Altezza 0,9 m
0%
Peso 28,5 kg
0%
Sesso 50% ♂, 50% ♀
0%
Tasso di cattura 75 (17.5%)
0%
Tipo Acqua
0%
Tasso di allevamento Medio-Veloce
0%
Pokémon Octillery
0%
Stadio evoluzione Prima evoluzione
0%
Generazione Seconda
0%
Abilità Ventose; Cecchino; Altalena
0%
Nessun quiz corrispondente trovato
Distribuzione punteggi
Percentuale di utenti per punteggio
Percentile per numero di risposta
I tuoi punteggi nel tempo
Non hai fatto questo quiz